000 00693nam a2200229 4500
999 _c2661
_d2661
003 OSt
005 20210716061509.0
008 210716b ||||| |||| 00| 0 eng d
020 _a0870411292
040 _cALUPE UNIVERSITY
050 _aRC71
_b. A1K7 1979
100 _a Krupp, Marcus A.
245 _aCurrent medical diagnosis and treatment 1979/
_cMarcus A Krupp
260 _aLos Altos, California :
_bLange Medical Publications,
_c1979.
300 _a1130 p. :
_bill. ;
_c24 cm
500 _aIncludes Bibliographic references
650 _aDIAGNOSTICO.
650 _aPRONOSTICO MEDICO.
650 _aSEMIOLOGIA.
700 _aMilton B Chalton
942 _2lcc
_cBK
_nSO